000 01057nam a2200181Ia 4500
008 151202s9999||||xx |||||||||||||| ||und||
082 _bPNVM-67208
100 _a"घाटपांडे महेश, ठाकूर योगेंद्र."
245 _a"मार्केटिंग, पब्लिक रिलेशन्स अ‍ॅण्ड अ‍ॅडर्व्हटायझिंग."
260 _b"आमोद प्रकाशन,मुंबई."
260 _c2009
300 _a240
600 _a"घाटपांडे महेश, ठाकूर योगेंद्र."
630 _a"मार्केटिंग, पब्लिक रिलेशन्स अ‍ॅण्ड अ‍ॅडर्व्हटायझिंग."
700 _a"घाटपांडे महेश, ठाकूर योगेंद्र."
730 _a"मार्केटिंग, पब्लिक रिलेशन्स अ‍ॅण्ड अ‍ॅडर्व्हटायझिंग."
942 _cBOOK
999 _c1333737
_d1333734